[Event "Madrid-ch U16"]
[Site "Madrid"]
[Date "2018.04.21"]
[Round "6"]
[White "Andrade Sandoval, Bianca"]
[Black "Gonzalez Jimenez, Gerardo"]
[Result "1-0"]
[WhiteElo "1952"]
[BlackElo "1615"]
[PlyCount "89"]
[EventDate "2018.04.14"]
[EventType "swiss"]
[EventRounds "6"]
[EventCountry "ESP"]
[SourceTitle "EXT 2019"]
[Source "ChessBase"]
[SourceDate "2018.10.10"]
[SourceVersion "1"]
[SourceVersionDate "2018.10.10"]
[SourceQuality "1"]

1. d4 Nf6 2. Bf4 c5 3. e3 d5 4. Nc3 a6 5. Nf3 Nc6 6. a3 Bg4 7. Be2 e6 8. h3 Bh5 9. 0-0 cxd4 10. exd4 Bd6 11. Bg3 0-0 12. Rc1 Rc8 13. Qd2 Re8 14. Rcd1 b5 15. Na2 h6 16. Bh4 Be7 17. Nc3 Na5 18. Ne5 Bxe2 19. Qxe2 Nc4 20. Nxc4 bxc4 21. Rb1 Qa5 22. Qf3 Rb8 23. Bg3 Rb7 24. Be5 Nd7 25. Bf4 Nb6 26. b4 cxb3 27. Rxb3 Rd7 28. Qg3 g5 29. h4 Kh7 30. hxg5 Rg8 31. Qd3+ Rg6 32. gxh6 Bd6 33. Bxd6 Rxd6 34. Qf3 Rd7 35. Rfb1 Nc4 36. Qd3 Kxh6 37. Qh3+ Kg7 38. Rb8 Rd8 39. Rxd8 Qxd8 40. Ne2 Nxa3 41. Qxa3 Qg5 42. Ng3 f5 43. Rb7+ Kh6 44. Qf8+ Rg7 45. Qh8+ 1-0

[Event "Madrid-ch U16"]
[Site "Madrid"]
[Date "2018.04.15"]
[Round "4"]
[White "Gonzalez Jimenez, Gerardo"]
[Black "Villacorta Nicolas, David"]
[Result "0-1"]
[WhiteElo "1615"]
[BlackElo "2162"]
[PlyCount "70"]
[EventDate "2018.04.14"]
[EventType "swiss"]
[EventRounds "6"]
[EventCountry "ESP"]
[SourceTitle "EXT 2019"]
[Source "ChessBase"]
[SourceDate "2018.10.10"]
[SourceVersion "1"]
[SourceVersionDate "2018.10.10"]
[SourceQuality "1"]

1. c4 Nf6 2. Nc3 g6 3. g3 Bg7 4. Bg2 d6 5. d4 0-0 6. Nf3 c5 7. 0-0 Nc6 8. dxc5 dxc5 9. Bf4 Be6 10. b3 Nh5 11. Bd2 Qc8 12. Rc1 Bh3 13. Qc2 Nd4 14. Qb1 Rd8 15. Rcd1 Nxf3+ 16. exf3 Bxg2 17. Kxg2 Rxd2 18. Rxd2 Bxc3 19. Rd3 Bd4 20. b4 b6 21. a4 e5 22. b5 Qe6 23. Rc1 f5 24. Kf1 e4 25. fxe4 fxe4 26. Rdd1 Rf8 27. Rc2 Qh3+ 28. Kg1 e3 29. Rxd4 cxd4 30. Qd1 exf2+ 31. Rxf2 Rxf2 32. Kxf2 Qxh2+ 33. Kf3 Qxg3+ 34. Ke4 Nf6+ 35. Kxd4 Qd6+ 0-1